01627nas a2200241Ia 4500001001100000003001000011008004100021040002500062041001300087100002000100210001900120222001900139245003500158250001100193260007600204300001100280310001200291362003600303500045700339501011400796520045700910650001801367R050-S2696IT-CnALBA170116c99999999xx |||||||||||| ||und|| aIT-CnALBAcIT-CnALBA aITALIANO aPASINI GIUSEPPE aITALIA CARITAS aITALIA CARITAS 0aITALIA CARITAS. OTTOBRE 1993.  a1a ed. a ROMAbCARITAS ITALIANA c1993 [1° Ed.:1993 - Ed.Ling.Originale: 1993] a32 p.  aMENSILE aFascicolo: 10 / Anno: 26 (1993) aSOLIDARIETÀ TRA POVERTÀ E BENESSERE. ALBANESI V. BAMBALDI R. IL NUOVO CHE AVANZA E LA CARITAS. LA MAFIA IDOLO E STRUTTURA DI PECCATO. PER SCONFIGGERLA. GOVERNO DELLO SVILUPPO, POVERTÀ TRA BENESSERE E MALESSERE. POVERTÀ ESTREMA IN ITALIA. GIOVANI E LOTTA ALLA MAFIA. CON I POVERI DAL?LA SACRESTIA ALLA STRADA, PUGLISI G. VOLONTARIATO, RISCHI E POSSIBILITÀ. PRESENZA PIÙ EFFICACE TRA PUBBLICO E PRIVATO. GLI IMMIGRATI E IL LORO INSEGNAMENTO.  aSocietà San Paolo EM - Piazza San Paolo, 14 - 12051 ALBA (CN) (non commercial uses only) ® Copyright 2017 aSOLIDARIETÀ TRA POVERTÀ E BENESSERE. ALBANESI V. BAMBALDI R. IL NUOVO CHE AVANZA E LA CARITAS. LA MAFIA IDOLO E STRUTTURA DI PECCATO. PER SCONFIGGERLA. GOVERNO DELLO SVILUPPO, POVERTÀ TRA BENESSERE E MALESSERE. POVERTÀ ESTREMA IN ITALIA. GIOVANI E LOTTA ALLA MAFIA. CON I POVERI DAL?LA SACRESTIA ALLA STRADA, PUGLISI G. VOLONTARIATO, RISCHI E POSSIBILITÀ. PRESENZA PIÙ EFFICACE TRA PUBBLICO E PRIVATO. GLI IMMIGRATI E IL LORO INSEGNAMENTO.  aECCLESIOLOGIA